NUTRIČNÁ A DIETETICKÁ STRÁNKA FÁZOVEJ VÝŽIVY TELIAT

Bibliographic Details
Main Author: Vajda, Vladimír, 1948- (Author)
Format: Article
Language:Slovak

MARC

LEADER 00000naa a2200000uu 4500
001 vtls011084754
003 SK-MaSNL
005 20260225050302.0
008 210909|1996 xo |||||||||||||||||slo|
015 |a SNBRA 
035 |a (urnnbn)urn:nbn:sk:snk:ar-a0clh4 
035 |a (uuid)a987c29e-6d9d-4567-97d5-01c7fb35f1d3 
035 |a urn:nbn:sk:snk-aavrdb 
040 |a SNKBUCL  |b slo  |c SNKBUCL  |e AACR2 
041 0 |a slo 
044 |a xo  |c SK 
100 1 |a Vajda, Vladimír,  |d 1948-  |4 aut 
245 1 0 |a NUTRIČNÁ A DIETETICKÁ STRÁNKA FÁZOVEJ VÝŽIVY TELIAT  |c Vladimír Vajda 
773 0 |t Zdravie a chorobnosť mláďat hospodárskych zvierat  |d Košice : [Ústav experimentálnej veterinárnej medicíny], 1996  |g S. 117-119 
958 |a OND 
958 |a article12 
958 |a chapter 
999 |c 1237185  |d 1239115